| 000 | 01318cam a2200373 a 4500 | ||
|---|---|---|---|
| 999 |
_c233621 _d233621 |
||
| 001 | 16618121 | ||
| 003 | Nust | ||
| 005 | 20170309120741.0 | ||
| 008 | 110121s2011 nyua b 001 0 eng c | ||
| 010 | _a 2011921343 | ||
| 020 | _a0071635726 | ||
| 035 | _a(OCoLC)ocn727302872 | ||
| 040 |
_aNLM _cASAB _dCSA _dDLC |
||
| 042 | _apcc | ||
| 050 | 0 | 0 |
_aQH588.S83 _bA33 2011 |
| 060 | 0 | 0 | _a2011 D-692 |
| 060 | 1 | 0 | _aQU 325 |
| 082 | _a616.01 | ||
| 245 | 0 | 0 |
_aStem cells technologies _bbasics and applications _cKaushik D Deb |
| 260 |
_aNew York : _bHumana Press, _cc2011. |
||
| 300 |
_axi, 279 p. : _bill. (some col.) ; _c27 cm. |
||
| 490 | 1 | _aStem cell biology and regenerative medicine | |
| 650 | 0 | _aStem Cells. | |
| 650 | 0 | _aAdult stem cells. | |
| 650 | 1 | 2 |
_aAdult Stem Cells _xcytology. |
| 650 | 2 | 2 | _aCytological Techniques. |
| 906 |
_a7 _bcbc _cpccadap _d2 _encip _f20 _gy-gencatlg |
||
| 942 |
_2ddc _cBK |
||